Clash of Clans Quiz (Updated for 2025) - Statistics

General Stats
  • This quiz has been taken 171 times
    169 since last reset
  • The average score is 79 of 166
Answer Stats
Hint Answer % Correct
Archer
97%
Town Hall Troops Barbarian
96%
Giant
92%
Dragon
88%
Wall
88%
Balloon
86%
Goblin
86%
Dark Elixir Troops Minion
86%
P.E.K.K.A
85%
Wizard
85%
Builder Hall Defenses | Town Hall Defenses Cannon
83%
Wall Breaker
83%
Electro Dragon
81%
Archer Queen
80%
Town Hall Champions Barbarian King
80%
Town Hall Traps Bomb
80%
Hog Rider
79%
Archer Tower
78%
Baby Dragon
78%
Witch
78%
Golem
75%
Mortar
73%
Valkyrie
73%
Healer
72%
Inferno Tower
69%
Mine
69%
Grand Warden
68%
Minion Prince
68%
Royal Champion
68%
X-Bow
68%
Gold Mine
67%
Spring Trap
67%
Hidden Tesla
66%
Wizard Tower
66%
Giant Bomb
63%
Ice Golem
63%
Elixir Collector
61%
Elixir Storage
60%
Gold Storage
60%
Builder Hall Army | Town Hall Army Army Camp
58%
Dark. Elixir Drill
58%
Dark Elixir Storage
58%
Lava Hound
58%
Root Rider
58%
Air Bomb
57%
Air Defense
56%
Barracks
56%
Miner
56%
Bomb Tower
55%
Bowler
55%
Yeti
55%
Sneaky Archer
54%
Bomber
53%
Dark Barracks
53%
Dragon Rider
53%
Log Launcher
53%
Monolith
53%
Seeking Air Mine
53%
Builder Hall Champions Battle Machine
52%
Scattershot
52%
Double Cannon
51%
Night Witch
51%
Spell Factory
51%
Tornado Trap
51%
Unicorn
50%
Air Sweeper
49%
Headhunter
49%
Multi Mortar
49%
Builder Hall Troops Raged Barbarian
49%
Battle Copter
48%
Electro Titan
48%
Laboratory
48%
Thrower
48%
Siege Machines Wall Wrecker
48%
Apprentice Warden
47%
Battle Blimp
47%
Cannon Cart
47%
Dark Spell Factory
47%
Spell Tower
46%
Boxer Giant
45%
Druid
44%
Electro Owl
44%
Hog Glider
44%
Pets L.A.S.S.I
44%
Stone Slammer
44%
Angry Jelly
43%
Multi-Archer Tower
43%
Phoenix
43%
Siege Barracks
43%
Town Hall
41%
Eagle Artilery
40%
Mighty Yak
40%
Beta Minion
39%
Diggy
39%
Flame Flinger
39%
Ricochet Cannon
39%
Skeleton Trap
39%
Spirit Fox
39%
Hero Hall
38%
Poison Lizard
38%
Builder Hall Traps Push Trap
38%
Battle Drill
37%
Gem Mine
37%
Mega Tesla
36%
Roaster
36%
Clan Castle
35%
Firespitter
35%
Crusher
34%
Firecrackers
34%
Giga Bomb
34%
Lava Launcher
34%
Town Hall Resources Builder's Hut
33%
Electrofire Wizard
33%
Frosty
33%
Giant Cannon
33%
Mega Mine
33%
Pet House
33%
Drop Ship
32%
Blacksmith
31%
Power P.E.K.K.A
31%
Multi-Gear Tower
30%
Troop Launcher
30%
Air Bombs
28%
Healing Hut
26%
Workshop
26%
Star Laboratory
23%
Builder Barracks
22%
Guard Post
22%
Reinforcement Camp
22%
Builder Hall
21%
Builder Hall Decorations | Town Hall Decorations Torch
19%
Helper Hut
17%
Clock Tower
16%
White Flag
13%
Archer Queen Statue
11%
Pirate Flag
11%
Stone Path
11%
Mighty Statue
10%
B.O.B Control
9%
Statue of P.E.K.K.A
9%
Ancient Barbarian Statue
8%
Ancient Skull
8%
Cornflower Bed
8%
Mighty Hero Statue
8%
Point Flag
8%
Rally Flag
8%
Small Spruce Tree
8%
Spruce Tree
8%
Sunflower Bed
8%
Target
8%
Weather Vane
8%
Bonfire
7%
Old Barbarian Statue
2%
No matching quizzes found
Score Distribution
Percent of People with Each Score
Percentile by Number Answered
Your Score History
You have not taken this quiz since the last reset